Score 0/20 Timer 02:30
0 Plays Today
Question Answer Wrong Answers
Titanic (1997) Kate Winslet
95.2%
Hilary Swank
1.3%
Million Dollar Baby (2004) Hilary Swank
93%
Kate Winslet
3.4%
Sense and Sensibility (1995) Kate Winslet
88.5%
Hilary Swank
7.4%
Boys Don't Cry (1999) Hilary Swank
88.4%
Kate Winslet
7.9%
The Next Karate Kid (1994) Hilary Swank
87.4%
Kate Winslet
8.9%
The Reader (2008) Kate Winslet
84.6%
Hilary Swank
11.9%
Eternal Sunshine of the Spotless Mind (2004) Kate Winslet
84.4%
Hilary Swank
11.8%
Finding Neverland (2004) Kate Winslet
84.3%
Hilary Swank
11.8%
Revolutionary Road (2008) Kate Winslet
80.4%
Hilary Swank
15.9%
The Core (2003) Hilary Swank
76.4%
Kate Winslet
19.9%
Heavenly Creatures (1994) Kate Winslet
70.9%
Hilary Swank
25.1%
Divergent (2014) Kate Winslet
69.8%
Hilary Swank
26.4%
Logan Lucky (2017) Hilary Swank
69.8%
Kate Winslet
26.3%
Amelia (2009) Hilary Swank
68.2%
Kate Winslet
28.1%
P.S. I Love You (2007) Hilary Swank
68.2%
Kate Winslet
28.1%
The Homesman (2014) Hilary Swank
66.7%
Kate Winslet
29.3%
Little Children (2006) Kate Winslet
63.8%
Hilary Swank
32.2%
Insomnia (2002) Hilary Swank
63.7%
Kate Winslet
32.6%
Steve Jobs (2015) Kate Winslet
59.3%
Hilary Swank
37.1%
The Gift (2000) Hilary Swank
54%
Kate Winslet
42.2%

Today's Daily Dose

Quick Pick
Seven Wonders

Get the Picture
Big 4 'L' All-Stars

Remove Ads.
Support Sporcle.
Get the best of Sporcle when you Go Orange. This ad-free experience offers more features, more stats, and more fun while also helping to support Sporcle. Thank you for becoming a member.

You're not logged in!

Compare scores with friends on all Sporcle quizzes.
OR
Log In

Sporcle TV

Today on Sporcle TV


Watch our educational content, quiz creation guides, and fun videos on Sporcle TV.

Show Comments

Extras

Top Quizzes Today


Score Distribution

Paid Content

Your Account Isn't Verified!

In order to create a playlist on Sporcle, you need to verify the email address you used during registration. Go to your Sporcle Settings to finish the process.

Report this User

Report this user for behavior that violates our Community Guidelines.

Details: